| 000 | 01012cab a22001815a 4500 | ||
|---|---|---|---|
| 001 | L146566 | ||
| 008 | 090204e20090121xxkdo f s 000 0 eng d | ||
| 035 | _a(Sirsi) u146566 | ||
| 041 | 0 | _aeng | |
| 100 | 1 | _aStagg, James | |
| 245 | 0 | 0 |
_aCJ50 _bForth time lucky for Balfour Beatty |
| 260 | _c2009 | ||
| 490 |
_aContract Journal _v446 (6707) 21 January 2009, 15-17 (3) |
||
| 520 | _aAnnual league table of new work winners for 2008. Balfour Beatty is at the top of the league for the fourth consecutive year due to public and infrastructure contracts. Laing O'Rourke follows at the second position. Kier is at the third position of this league. Presents tables of top ten by new work winners by sector, top ten new work winners by region, total value of new work won for 2008 in millions of pounds; diagrams for total orders for 2008, and percentage of orders by sector for 2008; list of monthly winners in 2008. | ||
| 651 | 4 |
_aUnited Kingdom _y |
|
| 690 | _aBUILT ENVIRONMENT-CONSTRUCTION MARKET | ||
| 942 | _n0 | ||
| 999 |
_c81188 _d81188 |
||